| 000 | 00732nam a22002297a 4500 | ||
|---|---|---|---|
| 001 | 00028848 | ||
| 005 | 20260427091204.0 | ||
| 008 | 260423b ag ||||| |||| 00| 0 spa d | ||
| 040 |
_aAR-CcCEOS _bspa _cAR-CcCEOS |
||
| 041 | _aspa | ||
| 080 | _a930.9 | ||
| 090 | _bVEN t.6 | ||
| 100 | 1 |
_aVenard, Marc, _d1929- _91102 |
|
| 245 |
_aEl mundo y su historia VI : _bLos comienzos del mundo moderno (siglos XVI y XVII) / _cMarc Venard |
||
| 250 | _a1ยช ed. | ||
| 264 |
_aBarcelona : _bArgos, _cc1970. |
||
| 300 |
_a603 p. ; _c24x18 cm. |
||
| 490 | _vHistoria Universal ; t. VI LOS COMIENZOS DEL MUNDO MODERNO | ||
| 650 | 0 |
_aHISTORIA UNIVERSAL _91103 |
|
| 942 |
_2udc _cBK _n0 |
||
| 999 |
_c28889 _d28889 |
||